| 000 | 00373nam a2200157 4500 | ||
|---|---|---|---|
| 005 | 20260302152646.0 | ||
| 008 | CUC123 | ||
| 020 | _a9780030252532 | ||
| 050 |
_aHG 4026 BES _b1 |
||
| 100 | _aBESLEY, SCOTT | ||
| 245 | _aPrinciples of finance | ||
| 260 |
_aPHILADELPHIA _bTHE DRYDEN PRESS _c1999 |
||
| 300 | _aXVIII,1-17p | ||
| 700 | _aBRIGHAM, F. EUGENE | ||
| 942 |
_2lcc _cBK _n0 |
||
| 999 |
_c8841 _d8841 |
||